000 00614 a2200241 4500
260 _aParis
630 _a65 - Gestion et organisation de lindustrie, du commerce, de la communication et des transports
037 _b1, Achat
650 _a6 - SCIENCES APPLIQUEES
100 _aGarnier, Henry
260 _bDunod
245 _a17 problèmes de comptabilité générale
300 _a77 p.
650 _aComptabilité : exercices
260 _c1979
300 _b24 cm
100 _lFr
037 _aDE 60186
440 _aDunod entreprise
020 _a2-04-010534-4
999 _c34820
_d34820